00524nam a2200145 a 450000100100000000500170001000800410002702000170006804000250008510000260011024500680013626000840020430000200028850000700030800003968220201002033658.0130716s2012 dr 000 0 spa d a978994549102 aDO-SdBNPbspacBNPHU1 aSantos, Lilian de los10aEva de metal :bantología de textos /cLilian de los Santos,. aSantiago de los Caballeros, República Dominicana :bEditora Teófilo,c2012. a81 p. ;c22 cm. aIncluye datos biográficos del autor en la solapa de la cubierta